01835cam a22004334i 4500003000900000005001700009008004100026020001500067020001800082035002000100040003300120082002000153245008000173264003800253300004000291336002100331337002500352338002300377490004600400504003600446504003400482505049800516526001001014526001001024526001001034526001001044526000801054526000801062526000801070526000801078526000801086526000801094526000801102650002501110650004701135650006301182700004201245700011401287PE-LiUPU20250731172904.0170123s2016 xxu r b 001 0 eng d a162837134X a9781628371345 a(Sirsi) a166345 aPE-LiUPUbspacPE-LiUPUerda04a224.906bP822300aPriests & cults in the Book of the Twelve /cedited by Lena-Sofia Tiemeyer. 1aAtlanta, GA :bSBL Press,c[2016] ax, 257 páginas ;c23 centimetros. atext2rdacontent aunmediated2rdamedia avolume2rdacarrier0 aAncient Near East monographs ;vnumber 14 aBibliografía : páginas 257. aÍndices: páginas 235-255.0 aIntrodcution -- Idolatry, apostasy, prostitution: hosea´s struggle against the cult -- Hosea´s exodus mythology and the book of the twelve -- Penitential priests in the twelve -- Joel, the cult, and the book of the twelve Priests and profits: Joel and malachi -- A farewell to the anticultic prophet: acttitudes towarda the cult in the book of the twelve, and beyond The "idolatrous priests" in the book of zephaniah -- The priesthood in the presian period: haggai, zechariah, and malachi. aSEG42 aSEG41 aSEG40 aSEG39 aP94 aP87 aP86 aP85 aP77 aP76 aP3504aSacerdotes judíos.04aCultura semíticaxEnseñanza bíblica.04aBiblia. Profetas Menores-Crítica, Interpretación, Etc.1 aTiemeyer, Lena-Sofia,d1969-eeditor.1 aKrispenz, Jutta.tIdolatry, apostasy, prostitution : Hosea's struggle against the cult.iContainer of (work):